=LDR 00000nam 2200000 4500 =001 INLIS000000000047704 =005 20160212100155.0 =006 =007 =008 =035 ##$$0010-021600000000092 =040 ##$$a NPBDMAT =082 ##$$a R. 351.70 2 6 =090 ##$$a R. 351.70 2 6 $b Ran r =245 ##$$a Rancangan Undang-Undang Republik Indonesia Nomor Tahun 2008 Tentang Pertanggung Jawaban Atas Pelakasanaan Anggaran Pendapatan dan Belanja Negara Tahun Anggaran 2007 =260 ##$$a Jakarta : $b Departemen Keuangan Republik Indonesia, $c 2007 =300 ##$$a 13 hlm $c 29 cm =650 ##$$a Anggaran Pendapatan dan Belanja Negara - Undang-Undang